Guess the Movie By Picture #2 - Statistics

General Stats
  • This quiz has been taken 17 times
  • The average score is 5 of 16
Answer Stats
Picture Answer % Correct
One Flew Over the Cuckoo's Nest
79%
The Blair Witch Project
71%
Hotel Rwanda
50%
The Water Boy
43%
E.T
36%
Apollo 13
29%
Bohemian Rhapsody
29%
The Good, The Bad, and The Ugly
29%
Black Sheep
21%
Ferris Bueller’s Day Off
21%
A Nightmare On Elm Street
14%
Chinatown
14%
In The Line of Fire
14%
JFK
14%
Jerry Maguire
7%
Once Upon A Time In Hollwood
7%
No matching quizzes found
Score Distribution
Percent of People with Each Score
Percentile by Number Answered
Your Score History
You have not taken this quiz